000
00272nam a2200109Ia 4500
008
220216s9999 xx 000 0 und d
100
_a
George S
245
0
_a
Thai rubberinu putha idan polypropyline woven fabric
260
_b
Rubber
_c
2017
300
_a
15-16
942
_c
BS
999
_c
48629
_d
48629